000 00153nam a22000857a 4500
001 1254910
005 20251129105712.0
245 _aAAA
_cAAA
260 _bAAA
999 _c1254910
_d1254910